Wiley IFRS 2014 : (Record no. 13735)
[ view plain ]
| 000 -LEADER | |
|---|---|
| fixed length control field | 00806nam a22002057a 4500 |
| 008 - FIXED-LENGTH DATA ELEMENTS--GENERAL INFORMATION | |
| fixed length control field | 190403b ||||| |||| 00| 0 eng d |
| 082 ## - DEWEY DECIMAL CLASSIFICATION NUMBER | |
| Edition number | 2014 |
| Classification number | AV-Eb 657.30218 |
| Item number | M156 |
| 100 ## - MAIN ENTRY--PERSONAL NAME | |
| Personal name | Mackenzie,Bruce. |
| 9 (RLIN) | 38180 |
| 245 ## - TITLE STATEMENT | |
| Title | Wiley IFRS 2014 : |
| Remainder of title | interpretation and application of international financial reporting standards / |
| Statement of responsibility, etc. | Bruce Mackenzie, Danie Coetsee, and Tapiwa Njikizana. |
| 250 ## - EDITION STATEMENT | |
| Edition statement | Eleventh Edition |
| 260 ## - PUBLICATION, DISTRIBUTION, ETC. (IMPRINT) | |
| Name of publisher, distributor, etc. | Wiley, |
| Date of publication, distribution, etc. | ©2014. |
| 300 ## - PHYSICAL DESCRIPTION | |
| Extent | 1067 pages; |
| 440 ## - SERIES STATEMENT/ADDED ENTRY--TITLE | |
| Title | Wiley Regulatory Reporting |
| 9 (RLIN) | 38181 |
| 500 ## - GENERAL NOTE | |
| General note | Includes index. |
| 650 ## - SUBJECT ADDED ENTRY--TOPICAL TERM | |
| Topical term or geographic name as entry element | Financial statements -- Standards. |
| 9 (RLIN) | 38182 |
| 700 ## - ADDED ENTRY--PERSONAL NAME | |
| Personal name | Coetsee, Danie. |
| 9 (RLIN) | 38183 |
| 700 ## - ADDED ENTRY--PERSONAL NAME | |
| Personal name | Njikizana, Tapiwa . |
| 9 (RLIN) | 38184 |
| 856 ## - ELECTRONIC LOCATION AND ACCESS | |
| Link text | https://ebookcentral.proquest.com/lib/uniofmindanao-ebooks/detail.action?docID=1632014 |
| 942 ## - ADDED ENTRY ELEMENTS (KOHA) | |
| Source of classification or shelving scheme | Dewey Decimal Classification |
| Koha item type | Ebooks |
| Withdrawn status | Lost status | Source of classification or shelving scheme | Damaged status | Not for loan | Home library | Current library | Shelving location | Date acquired | Source of acquisition | Total Checkouts | Full call number | Barcode | Date last seen | Copy number | Price effective from | Koha item type |
|---|---|---|---|---|---|---|---|---|---|---|---|---|---|---|---|---|
| Dewey Decimal Classification | UM Digos College - LIC | UM Digos College - LIC | Processing Center | 04/03/2019 | Downloaded | AV-Eb 657.30218 M156 | Eb139 | 04/03/2019 | 1 | 04/03/2019 | Ebooks |
